Elements of power system analysis (Record no. 180676)
[ view plain ]
| 000 -LEADER | |
|---|---|
| fixed length control field | 01143 a2200181 4500 |
| 003 - CONTROL NUMBER IDENTIFIER | |
| control field | Nust |
| 005 - DATE AND TIME OF LATEST TRANSACTION | |
| control field | 20170207153154.0 |
| 040 ## - CATALOGING SOURCE | |
| Transcribing agency | Nust |
| 082 ## - DEWEY DECIMAL CLASSIFICATION NUMBER | |
| Classification number | 621.317 |
| 100 ## - MAIN ENTRY--PERSONAL NAME | |
| Personal name | William D. Stevenson, Jr |
| 245 ## - TITLE STATEMENT | |
| Title | Elements of power system analysis |
| Statement of responsibility, etc. | William D. Stevenson, Jr |
| 260 ## - PUBLICATION, DISTRIBUTION, ETC. | |
| Place of publication, distribution, etc. | McGraw-Hill |
| Name of publisher, distributor, etc. | New York |
| Date of publication, distribution, etc. | c1955 |
| 300 ## - PHYSICAL DESCRIPTION | |
| Extent | xii, 370 p |
| Other physical details | illus. |
| Dimensions | 24 cm |
| 505 ## - FORMATTED CONTENTS NOTE | |
| Formatted contents note | General Background(Page-1),Inductance Of Transmission Lines(Page-14),Capacitance Of Transmission Lines (Page-47),Resistance And Skin Effect(Page-70),Current And Voltage Relations On A Transmission Line(Page-87),Generalized Circuits Constants(Page-108),Circle Diagrams(Page-128),Representation On Power Systems(Page-151),Symmetrical Three-Phase Faults On Synchronous Machines(Page-188),Symmetrical Components(Page-210),Unsymmetrical Short Circuits On An Unloaded Generator(Page-227),Sequence Impedances And Sequence Networks(Page-241),Unsymmetrical Faults On Power Systems(Page-272),Unsymmetrical Systems(Page-300),Power Systems Stability(Page-319). |
| 538 ## - SYSTEM DETAILS NOTE | |
| System details note | Almirah No.31 Shelf No.2 |
| 600 ## - SUBJECT ADDED ENTRY--PERSONAL NAME | |
| Personal name | William D. Stevenson, Jr |
| 650 ## - SUBJECT ADDED ENTRY--TOPICAL TERM | |
| Topical term or geographic name entry element | Elements of power system analysis |
| 942 ## - ADDED ENTRY ELEMENTS (KOHA) | |
| Source of classification or shelving scheme | |
| Koha item type | Book |
| Withdrawn status | Lost status | Source of classification or shelving scheme | Damaged status | Not for loan | Collection code | Permanent Location | Current Location | Date acquired | Total Checkouts | Full call number | Barcode | Date last seen | Price effective from | Koha item type |
|---|---|---|---|---|---|---|---|---|---|---|---|---|---|---|
| Military College of Signals (MCS) | Military College of Signals (MCS) | 12/12/2016 | 621.317 STE | MCS5644 | 12/08/2016 | 12/12/2016 | Book |
